Themes in religion and American culture /

Bibliographic Details
Other Authors: Goff, Philip, 1964-, Harvey, Paul, 1961-
Format: Book
Language:English
Published: Chapel Hill : University of North Carolina Press, [2004]
Subjects:

MARC

Tag First Indicator Second Indicator Subfields
LEADER 00000cam a22000004a 4500
001 in00002045461
005 20151101055643.0
008 040329s2004 ncu b s001 0 eng
010 |a  2004007409 
020 |a 0807828904 (hardcover : alk. paper) 
020 |a 0807855596 (pbk. : alk. paper) 
035 |a (OCoLC)ocm54959598 
040 |a DLC  |c DLC  |d C#P  |d UtOrBLW 
042 |a pcc 
043 |a n-us--- 
049 |a TXAM 
050 0 0 |a BL2525  |b .T48 2004 
082 0 0 |a 200/.973  |2 22 
245 0 0 |a Themes in religion and American culture /  |c edited by Philip Goff and Paul Harvey. 
264 1 |a Chapel Hill :  |b University of North Carolina Press,  |c [2004] 
264 4 |c ©2004 
300 |a 389 pages ;  |c 25 cm. 
336 |a text  |b txt  |2 rdacontent 
337 |a unmediated  |b n  |2 rdamedia 
338 |a volume  |b nc  |2 rdacarrier 
504 |a Includes bibliographical references and index. 
505 0 |a Theologies / David L. Weaver-Zercher -- Proselytization / Paul Harvey -- Supernaturalism / Yvonne Chireau -- Cosmology / Sue Marasco -- Race / Tracy Fessenden -- Ethnicity / Roberto Treviño -- Gender / Amy DeRogatis -- The state / Winnifred Fallers Sullivan -- Economy / James German -- Science / William A. Durbin -- Diversity and region / Philip Goff. 
650 0 |a Religion and culture  |z United States. 
651 0 |a United States  |x Religion. 
700 1 |a Goff, Philip,  |d 1964- 
700 1 |a Harvey, Paul,  |d 1961- 
945 |i PromptCat 
947 |a A14831541434 
948 |a cataloged  |b cmulkey  |c 2005/4/18  |d 9:53:47 am 
994 |a 92  |b TXA 
999 |a MARS 
999 f f |s 8832237e-8e0c-3506-8187-7bc64cffe880  |i 97d001e8-9e62-3cba-8570-375d8c3582e4  |t 0 
952 f f |p normal  |a Texas A&M University  |b College Station  |c Sterling C. Evans Library  |d Evans: Library Stacks  |t 0  |e BL2525 .T48 2004  |h Library of Congress classification  |i unmediated -- volume  |m A14831541434 
998 f f |a BL2525 .T48 2004  |t 0  |l Evans: Library Stacks